<?xml version="1.0" encoding="UTF-8"?>
<record
    xmlns:xsi="http://www.w3.org/2001/XMLSchema-instance"
    xsi:schemaLocation="http://www.loc.gov/MARC21/slim http://www.loc.gov/standards/marcxml/schema/MARC21slim.xsd"
    xmlns="http://www.loc.gov/MARC21/slim">

  <leader>02450nam a2200241Ia 4500</leader>
  <controlfield tag="003">OSt</controlfield>
  <controlfield tag="005">20251117114650.0</controlfield>
  <controlfield tag="008">210210b2007   xxu||||| |||| 00| 0 eng d</controlfield>
  <datafield tag="040" ind1=" " ind2=" ">
    <subfield code="c">AL</subfield>
  </datafield>
  <datafield tag="041" ind1=" " ind2=" ">
    <subfield code="a">Kannada</subfield>
  </datafield>
  <datafield tag="082" ind1=" " ind2=" ">
    <subfield code="a">923.2K VISH</subfield>
  </datafield>
  <datafield tag="100" ind1=" " ind2=" ">
    <subfield code="a">VISHVANATH (H)</subfield>
    <subfield code="d"> &#xC8E;&#xC9A;&#xCCD;. &#xCB5;&#xCBF;&#xCB6;&#xCCD;&#xCB5;&#xCA8;&#xCBE;&#xCA5;&#xCCD;</subfield>
    <subfield code="9">245887</subfield>
  </datafield>
  <datafield tag="245" ind1=" " ind2=" ">
    <subfield code="a">Halli hakkiya hadu</subfield>
    <subfield code="b">&#xCB9;&#xCB3;&#xCCD;&#xCB3;&#xCBF; &#xCB9;&#xC95;&#xCCD;&#xC95;&#xCBF;&#xCAF; &#xCB9;&#xCBE;&#xCA1;&#xCC1;</subfield>
  </datafield>
  <datafield tag="260" ind1=" " ind2=" ">
    <subfield code="a">Bengaluru</subfield>
    <subfield code="b">Ankita Pustaka</subfield>
    <subfield code="c">2007</subfield>
  </datafield>
  <datafield tag="300" ind1=" " ind2=" ">
    <subfield code="a">180</subfield>
  </datafield>
  <datafield tag="520" ind1=" " ind2=" ">
    <subfield code="a">&#xCB9;&#xCBF;&#xCB0;&#xCBF;&#xCAF; &#xCB0;&#xCBE;&#xC9C;&#xC95;&#xCBE;&#xCB0;&#xCA3;&#xCBF;, &#xCAE;&#xCBE;&#xC9C;&#xCBF; &#xCB8;&#xC9A;&#xCBF;&#xCB5;&#xCB0;&#xCBE;&#xCA6; &#xC8E;&#xC9A;&#xCCD; &#xCB5;&#xCBF;&#xCB6;&#xCCD;&#xCB5;&#xCA8;&#xCBE;&#xCA5;&#xCCD; &#xC85;&#xCB5;&#xCB0; &#xC86;&#xCA4;&#xCCD;&#xCAE;&#xC95;&#xCA5;&#xCA8;&#xCB5;&#xCC7; &#x2018;&#xCB9;&#xCB3;&#xCCD;&#xCB3;&#xCBF; &#xCB9;&#xC95;&#xCCD;&#xC95;&#xCBF;&#xCAF; &#xCB9;&#xCBE;&#xCA1;&#xCC1;' &#xC8E;&#xC82;&#xCAC; &#xC95;&#xCC3;&#xCA4;&#xCBF;. &#xCB5;&#xCBF;&#xCB6;&#xCCD;&#xCB5;&#xCA8;&#xCBE;&#xCA5;&#xCCD; &#xC87;&#xCB5;&#xCB0;&#xCC1; &#xC88; &#xC95;&#xCC3;&#xCA4;&#xCBF;&#xCAF;&#xCB2;&#xCCD;&#xCB2;&#xCBF; &#xCA4;&#xCAE;&#xCCD;&#xCAE; &#xCAC;&#xCBE;&#xCB2;&#xCCD;&#xCAF;&#xCA6; &#xCA6;&#xCBF;&#xCA8;&#xC97;&#xCB3;&#xCBF;&#xC82;&#xCA6; &#xCB9;&#xCBF;&#xCA1;&#xCBF;&#xCA6;&#xCC1;, &#xC95;&#xCB2;&#xCBF;&#xCA4; &#xCB6;&#xCBE;&#xCB2;&#xCC6;, &#xC95;&#xCBE;&#xC82;&#xC97;&#xCCD;&#xCB0;&#xCC6;&#xCB8;&#xCCD; &#xCAA;&#xC95;&#xCCD;&#xCB7;&#xC95;&#xCCD;&#xC95;&#xCC6; &#xCB8;&#xCC7;&#xCB0;&#xCBF;&#xCA6; &#xCAC;&#xC97;&#xCC6;, &#xCB8;&#xC9A;&#xCBF;&#xCB5;&#xCB0;&#xCBE;&#xC97;&#xCBF; &#xC95;&#xCBE;&#xCB0;&#xCCD;&#xCAF; &#xCA8;&#xCBF;&#xCB0;&#xCCD;&#xCB5;&#xCB9;&#xCA3;&#xCC6; &#xCAE;&#xCBE;&#xCA1;&#xCC1;&#xCA4;&#xCCD;&#xCA4;&#xCBF;&#xCA6;&#xCCD;&#xCA6; &#xCB0;&#xCC0;&#xCA4;&#xCBF; &#xC87;&#xCA4;&#xCCD;&#xCAF;&#xCBE;&#xCA6;&#xCBF;&#xC97;&#xCB3;&#xCA8;&#xCCD;&#xCA8;&#xCC1; &#xCAC;&#xCB9;&#xCB3; &#xCB8;&#xCCA;&#xC97;&#xCB8;&#xCBE;&#xC97;&#xCBF; &#xCB5;&#xCBF;&#xCB5;&#xCB0;&#xCBF;&#xCB8;&#xCBF;&#xCA6;&#xCCD;&#xCA6;&#xCBE;&#xCB0;&#xCC6;.
&#xCB8;&#xCBE;&#xCAE;&#xCBE;&#xCA8;&#xCCD;&#xCAF;&#xCB5;&#xCBE;&#xC97;&#xCBF; &#xCAA;&#xCCD;&#xCB0;&#xCB8;&#xCBF;&#xCA6;&#xCCD;&#xCA7;&#xCB0;&#xCC1; &#xC86;&#xCA4;&#xCCD;&#xCAE;&#xC95;&#xCA5;&#xCC6; &#xCAC;&#xCB0;&#xCC6;&#xCA6;&#xCBE;&#xC97; &#xC85;&#xCB5;&#xCB0; &#xC9C;&#xCC0;&#xCB5;&#xCA8;&#xCA6; &#xCB5;&#xCBF;&#xCB5;&#xCBE;&#xCA6;&#xCBF;&#xCA4; &#xC85;&#xC82;&#xCB6;&#xC97;&#xCB3; &#xCB0;&#xCC1;&#xC9A;&#xCBF;&#xC95;&#xCB0; &#xCAE;&#xCBE;&#xCB9;&#xCBF;&#xCA4;&#xCBF;&#xC97;&#xCB3;&#xCBF;&#xC97;&#xCCB;&#xCB8;&#xCCD;&#xC95;&#xCB0; &#xCA8;&#xCBE;&#xCB5;&#xCC1; &#xCB9;&#xCC1;&#xCA1;&#xCC1;&#xC95;&#xCC1;&#xCA4;&#xCCD;&#xCA4;&#xCC7;&#xCB5;&#xCC6;. &#xC86;&#xCA6;&#xCB0;&#xCC6; &#xCAF;&#xCBE;&#xCB5;&#xCBE;&#xC97;&#xCB2;&#xCC2; &#xC85;&#xCA6;&#xCC1; &#xCB8;&#xCA3;&#xCCD;&#xCA3; &#xCAA;&#xCC1;&#xC9F;&#xCCD;&#xC9F; &#xCB8;&#xCBE;&#xCB2;&#xCC1;&#xC97;&#xCB3;&#xCB2;&#xCCD;&#xCB2;&#xCBF; &#xCAE;&#xCC1;&#xC97;&#xCBF;&#xCA6;&#xCC1; &#xC87;&#xCA1;&#xCC0; &#xCAA;&#xCC1;&#xCB8;&#xCCD;&#xCA4;&#xC95; &#xCA4;&#xCAE;&#xCCD;&#xCAE; &#xCAC;&#xCBE;&#xCB2;&#xCCD;&#xCAF;, &#xCA4;&#xC82;&#xCA6;&#xCC6; &#xCA4;&#xCBE;&#xCAF;&#xCBF; &#xC87;&#xCA4;&#xCCD;&#xCAF;&#xCBE;&#xCA6;&#xCBF; &#xC87;&#xCA4;&#xCCD;&#xCAF;&#xCBE;&#xCA6;&#xCBF; &#xCB5;&#xCBF;&#xCB7;&#xCAF;&#xC97;&#xCB3;&#xCBF;&#xC82;&#xCA6; &#xC87;&#xCA1;&#xCBF;&#xC95;&#xCBF;&#xCB0;&#xCBF;&#xCA6;&#xCBF;&#xCB0;&#xCC1;&#xCA4;&#xCCD;&#xCA4;&#xCA6;&#xCC6;.&#xCB5;&#xCBF;&#xCB6;&#xCCD;&#xCB5;&#xCA8;&#xCBE;&#xCA5;&#xCCD; &#xC86;&#xCA4;&#xCCD;&#xCAE;&#xC95;&#xCA5;&#xCC6; &#xCB9;&#xCBE;&#xC97;&#xCBF;&#xCB2;&#xCCD;&#xCB2;.&#xCB5;&#xCBF;&#xCB5;&#xCBE;&#xCA6;&#xCBF;&#xCA4; &#xC98;&#xC9F;&#xCA8;&#xCC6;&#xC97;&#xCB3; &#xCB9;&#xCC1;&#xCA4;&#xCCD;&#xCA4; &#xC85;&#xCA6;&#xCC1;.
&#xCA1;&#xCBF;.&#xC95;&#xCC6;.&#xCB6;&#xCBF; &#xC9C;&#xCCA;&#xCA4;&#xCC6;&#xC97;&#xCBF;&#xCA8; &#xCB5;&#xCBE;&#xC97;&#xCCD;&#xCB5;&#xCBE;&#xCA6;, &#xC9C;&#xCC6;.&#xC8E;&#xC9A;&#xCCD;.&#xCAA;&#xC9F;&#xCC7;&#xCB2;&#xCCD; &#xC9C;&#xCCA;&#xCA4;&#xCC6;&#xC97;&#xCBF;&#xCA8; &#xC92;&#xCA1;&#xCA8;&#xCBE;&#xC9F;, &#xC85;&#xCB0;&#xCB8;&#xCC1; &#xC85;&#xCB5;&#xCB0; &#xCAE;&#xCC7;&#xCB2;&#xCBF;&#xCA8; &#xC97;&#xCC1;&#xCB0;&#xCC1;&#xCAD;&#xC95;&#xCCD;&#xCA4;&#xCBF;, &#xC97;&#xCC1;&#xC82;&#xCA1;&#xCC2;&#xCB0;&#xCBE;&#xCAF;&#xCB0; &#xC95;&#xCC1;&#xCB0;&#xCBF;&#xCA4;&#xCBE;&#xCA6; &#xCAE;&#xCBE;&#xCA4;&#xCC1;&#xC97;&#xCB3;&#xCC1; &#xC87;&#xCB5;&#xCC6;&#xCB2;&#xCCD;&#xCB2; &#xC9A;&#xCC6;&#xCA8;&#xCCD;&#xCA8;&#xCBE;&#xC97;&#xCC7; &#xC87;&#xCB5;&#xCC6;.
</subfield>
  </datafield>
  <datafield tag="650" ind1=" " ind2=" ">
    <subfield code="a">Halli</subfield>
    <subfield code="9">245888</subfield>
  </datafield>
  <datafield tag="650" ind1=" " ind2=" ">
    <subfield code="a">hakkiya</subfield>
    <subfield code="9">245889</subfield>
  </datafield>
  <datafield tag="650" ind1=" " ind2=" ">
    <subfield code="a">hadu</subfield>
    <subfield code="9">245890</subfield>
  </datafield>
  <datafield tag="690" ind1=" " ind2=" ">
    <subfield code="a">Biography</subfield>
    <subfield code="9">245891</subfield>
  </datafield>
  <datafield tag="906" ind1=" " ind2=" ">
    <subfield code="a">063155</subfield>
  </datafield>
  <datafield tag="942" ind1=" " ind2=" ">
    <subfield code="2">ddc</subfield>
    <subfield code="c">BK</subfield>
  </datafield>
  <datafield tag="999" ind1=" " ind2=" ">
    <subfield code="c">134885</subfield>
    <subfield code="d">134885</subfield>
  </datafield>
  <datafield tag="952" ind1=" " ind2=" ">
    <subfield code="0">0</subfield>
    <subfield code="1">0</subfield>
    <subfield code="2">ddc</subfield>
    <subfield code="4">0</subfield>
    <subfield code="7">0</subfield>
    <subfield code="8">KAN</subfield>
    <subfield code="a">AL</subfield>
    <subfield code="b">AL</subfield>
    <subfield code="c">Kannada Literature</subfield>
    <subfield code="d">2021-02-17</subfield>
    <subfield code="e">Athree book centre</subfield>
    <subfield code="g">125.00</subfield>
    <subfield code="l">1</subfield>
    <subfield code="o">923.2K VISH</subfield>
    <subfield code="p">063155</subfield>
    <subfield code="r">2024-07-05 00:00:00</subfield>
    <subfield code="s">2024-05-22</subfield>
    <subfield code="w">2021-02-17</subfield>
    <subfield code="y">BK</subfield>
  </datafield>
</record>
